00533nam a2200193Ia 4500008004100000020001800041050001600059050001800075100003000093245006900123245002800192260001700220260002600237260000900263300001500272300002000287300001100307650002100318160418s9999 xx 000 0 und d a971-08-1377-3 aFIL PN 6131 b.D44 2003 c.2 aDe Guzman, Maria Odulio.  aModel letters for all occasions, sentence stress, and emphasis / cMaria Odulio De Guzman. aMandaluyong: bNational Books Store, c2003 a81 pages : billustrations ; c18 cm. aLetter writing.